| 000 | 00433nam a2200193Ia 4500 | ||
|---|---|---|---|
| 008 | 210210b1892 xxu||||| |||| 00| 0 eng d | ||
| 041 | _aeng | ||
| 082 | _a828/327 | ||
| 100 | _aJOHNSON (S) | ||
| 245 | _aLife of Milton: Deighton Ed | ||
| 260 |
_aLondon _bMacmillan & Co. Ltd. _c1892 |
||
| 650 | _aof | ||
| 650 | _aMilton: | ||
| 650 | _aLife | ||
| 650 | _aEd | ||
| 650 | _aDeighton | ||
| 690 | _aBiography | ||
| 906 | _a016172 | ||
| 999 |
_c135582 _d135582 |
||